Normal view MARC view
  • Arms race

Entry Topical Term

Number of records used in: 2

001 - CONTROL NUMBER

  • control field: 109717

003 - CONTROL NUMBER IDENTIFIER

  • control field: NUST

005 - DATE AND TIME OF LATEST TRANSACTION

  • control field: 20230302110322.0

008 - FIXED-LENGTH DATA ELEMENTS

  • fixed length control field: 230302|| aca||aabn | a|a d

040 ## - CATALOGING SOURCE

  • Original cataloging agency: NUST
  • Transcribing agency: NUST

150 ## - HEADING--TOPICAL TERM

  • Topical term or geographic name entry element: Arms race
  • General subdivision: History
  • Chronological subdivision: 20th century

670 ## - SOURCE DATA FOUND

  • Source citation: Work cat.: (NUST)184308: Molander, Roger C. 109716, Who will stop the bomb? :, 1985.
© 2023 Central Library, National University of Sciences and Technology. All Rights Reserved.